000 00889nam a2200301Ia 4500
001 25337
003 IT-RoPAU
008 130308s9999 xx 000 0 und d
040 _aIT-RoPAU
040 _cIT-RoPAU
041 _aFRANCESE
100 _aRichard Philippe
100 _gCodice Aut. SPICS: 11882
245 _aProblemes lies a l'explicitation des processus d'analyse de l'image
245 _bImage et Signification
250 _a1a ed.
260 _aPARIS
260 _bDocumentation Francaise
260 _c1983 [1° Ed.:1983 - Ed.Ling.Originale:1983]
300 _a"14 p. (prefazione: no ; testo: 14 [pagine: 73-86])"
500 _aProblemi connessi All'Esplicitazione dei Processi di Analisi dell'Immagine
650 _aTEORIA/LINGUAGGI DI ICONOLOGIA
650 _eCodice materia Spics: 5153
942 _cBK
957 _71
999 _c47680
_d47680
999 _bSI
999 _g1